000 00368nam a22001577a 4500
003 MPLRDC
005 20220104113745.0
008 210129b ||||| |||| 00| 0 eng d
082 _a857.7 YQ v.103 c.2
100 _a严沁
245 _a情无了
_c
260 _a
_b环球出版社
_c1990
300 _b
650 _a长篇小说
942 _cBK
_o857.7 YQ v.103 c.2
999 _c2121
_d2111